The lightning thief / (Registro nro. 15434)
[ vista simple ]
| 000 -LEADER | |
|---|---|
| fixed length control field | 01196cam a2200349 i 4500 |
| 001 - CONTROL NUMBER | |
| control field | 15434 |
| 003 - CONTROL NUMBER IDENTIFIER | |
| control field | Mx-PuUPA |
| 005 - DATE AND TIME OF LATEST TRANSACTION | |
| control field | 20250623133914.0 |
| 008 - FIXED-LENGTH DATA ELEMENTS--GENERAL INFORMATION | |
| fixed length control field | 140415s2006 nyu dr 000 0 eng d |
| 020 ## - INTERNATIONAL STANDARD BOOK NUMBER | |
| International Standard Book Number | 9780786838653 |
| Qualifying information | rústica |
| 040 ## - CATALOGING SOURCE | |
| Original cataloging agency | Mx-PuUPA |
| Language of cataloging | spa |
| Transcribing agency | Mx-PuUPA |
| Modifying agency | Mx-PuUPA |
| Description conventions | rda |
| 041 0# - LANGUAGE CODE | |
| Language code of text/sound track or separate title | eng |
| 100 1# - MAIN ENTRY--PERSONAL NAME | |
| Personal name | Riordan, Rick, |
| Dates associated with a name | 1964- |
| 9 (RLIN) | 15382 |
| Relator term | autor |
| 245 10 - TITLE STATEMENT | |
| Title | The lightning thief / |
| Statement of responsibility, etc. | Rick Riordan |
| 250 ## - EDITION STATEMENT | |
| Edition statement | First paperback edition |
| 264 #1 - PRODUCTION, PUBLICATION, DISTRIBUTION, MANUFACTURE, AND COPYRIGHT NOTICE | |
| Place of production, publication, distribution, manufacture | Los Angeles : |
| Name of producer, publisher, distributor, manufacturer | Disney-Hyperion, |
| Date of production, publication, distribution, manufacture, or copyright notice | 2006 |
| 300 ## - PHYSICAL DESCRIPTION | |
| Extent | 377 páginas, 30 páginas sin numerar ; |
| Dimensions | 20 cm |
| 336 ## - CONTENT TYPE | |
| Fuente | rdacontent |
| Content type term | texto |
| Content type code | txt |
| 337 ## - MEDIA TYPE | |
| Source | rdamedia |
| Media type term | sin medio |
| Media type code | n |
| 338 ## - CARRIER TYPE | |
| Source | rdacarrier |
| Carrier type term | volumen |
| Carrier type code | nc |
| 490 0# - SERIES STATEMENT | |
| Series statement | Percy Jackson and the Olympians ; |
| Volume/sequential designation | 1 |
| 600 #4 - SUBJECT ADDED ENTRY--PERSONAL NAME | |
| Personal name | Poseidón (deidad griega) |
| General subdivision | Novela |
| 600 #4 - SUBJECT ADDED ENTRY--PERSONAL NAME | |
| Personal name | Hades (deidad griega) |
| General subdivision | Novela |
| 600 #4 - SUBJECT ADDED ENTRY--PERSONAL NAME | |
| Personal name | Zeus (deidad griega) |
| General subdivision | Novela |
| 600 #4 - SUBJECT ADDED ENTRY--PERSONAL NAME | |
| Personal name | Jackson, Percy (Personaje ficticio) |
| General subdivision | Novela |
| 650 #7 - SUBJECT ADDED ENTRY--TOPICAL TERM | |
| Source of heading or term | armarc |
| Topical term or geographic name entry element | Mitología griega |
| 650 #7 - SUBJECT ADDED ENTRY--TOPICAL TERM | |
| Source of heading or term | armarc |
| Topical term or geographic name entry element | Padrs e hijos |
| General subdivision | Novela |
| 650 #7 - SUBJECT ADDED ENTRY--TOPICAL TERM | |
| Source of heading or term | armarc |
| Topical term or geographic name entry element | Rayos atmosféricos |
| General subdivision | Literatura juvenil |
| 942 ## - ADDED ENTRY ELEMENTS (KOHA) | |
| Source of classification or shelving scheme | Dewey Decimal Classification |
| Koha item type | Libro |
| Classification part | 813.6 |
| Item part | R8938 |
| Withdrawn status | Lost status | Source of classification or shelving scheme | Damaged status | Not for loan | Collection code | Home library | Current library | Shelving location | Date acquired | Serial Enumeration / chronology | Total Checkouts | Full call number | Barcode | Date last seen | Price effective from | Koha item type |
|---|---|---|---|---|---|---|---|---|---|---|---|---|---|---|---|---|
| Dewey Decimal Classification | General | Angelópolis | Angelópolis | Sala general | 23/06/2025 | v.1 | 813.6 R8938 2006 | 965000000414 | 23/06/2025 | 23/06/2025 | Libro |